01122nam a22002777a 4500003000400000005001700004008004100021040002200062082001800084100002700102245004300129260004700172300001900219366000800238490001300246505008400259505016100343505001200504650004100516650005000557650004400607650004800651650004300699650005500742650004700797OSt20230503132736.0221006b |||||||| |||| 00| 0 eng d cBiblioteca Lado V a709.05bR643f aRoberts, Jameseeditor aFrieze/bContemporary Art And Culture/ bDurian Publications Ltd.aInglaterrac2003 c23x30cma128p. eeng a76v2003 tColumnsaOpera Art Cultural politics Art Being there Radio Books Interview tFeaturesaPicture: Rossetti;s Wombat Talking stock Private lives The ugly truth Slices of life The right stuff Periodic tables Adaptation The vortex tReviews 2Tesauro de Arte & ArquitecturaaARTE 2Tesauro de Arte & ArquitecturaaEXPOSICIONES  2Tesauro de Arte & ArquitecturaaCULTURA 2Tesauro de Arte & ArquitecturaaAPRECIACION 2Tesauro de Arte & ArquitecturaaTEORIA 2Tesauro de Arte & ArquitecturaaARTE CONTEMPORANEO 2Tesauro de Arte & ArquitecturaaINGLATERRA